<?xml version='1.0' encoding='UTF-8'?>
  <record xmlns="http://www.loc.gov/MARC21/slim">
    <leader>00000cam a22000007a 4500</leader>
    <controlfield tag="001">ocn427974393</controlfield>
    <controlfield tag="003">OCoLC</controlfield>
    <controlfield tag="005">20251122145045.3</controlfield>
    <controlfield tag="008">930721m18841885ne            100 0 fre d</controlfield>
    <datafield tag="010" ind1=" " ind2=" ">
      <subfield code="a">   50022229 </subfield>
    </datafield>
    <datafield tag="040" ind1=" " ind2=" ">
      <subfield code="a">LGG</subfield>
      <subfield code="b">eng</subfield>
      <subfield code="c">LGG</subfield>
      <subfield code="d">OCLCF</subfield>
      <subfield code="d">OCLCO</subfield>
      <subfield code="d">OCL</subfield>
      <subfield code="d">OCLCO</subfield>
      <subfield code="d">OCLCQ</subfield>
      <subfield code="d">OCLCO</subfield>
      <subfield code="d">OCLCQ</subfield>
      <subfield code="d">OCL</subfield>
      <subfield code="d">OCLCO</subfield>
      <subfield code="d">OCLCQ</subfield>
      <subfield code="d">OCLCL</subfield>
      <subfield code="d">OCLCQ</subfield>
    </datafield>
    <datafield tag="019" ind1=" " ind2=" ">
      <subfield code="a">40996463</subfield>
    </datafield>
    <datafield tag="029" ind1="1" ind2=" ">
      <subfield code="a">NLGGC</subfield>
      <subfield code="b">853472890</subfield>
    </datafield>
    <datafield tag="035" ind1=" " ind2=" ">
      <subfield code="a">(OCoLC)427974393</subfield>
      <subfield code="z">(OCoLC)40996463</subfield>
    </datafield>
    <datafield tag="041" ind1="0" ind2=" ">
      <subfield code="a">fre</subfield>
      <subfield code="a">ger</subfield>
      <subfield code="a">eng</subfield>
      <subfield code="a">dut</subfield>
    </datafield>
    <datafield tag="043" ind1=" " ind2=" ">
      <subfield code="a">a------</subfield>
      <subfield code="a">ff-----</subfield>
    </datafield>
    <datafield tag="050" ind1=" " ind2="4">
      <subfield code="a">DS1.5</subfield>
      <subfield code="b">.I57 1883</subfield>
    </datafield>
    <datafield tag="082" ind1="0" ind2="4">
      <subfield code="a">915.063</subfield>
      <subfield code="q">OCoLC</subfield>
    </datafield>
    <datafield tag="111" ind1="2" ind2=" ">
      <subfield code="a">International Congress of Orientalists</subfield>
      <subfield code="n">(6th :</subfield>
      <subfield code="d">1883 :</subfield>
      <subfield code="c">Leiden)</subfield>
    </datafield>
    <datafield tag="245" ind1="1" ind2="0">
      <subfield code="a">Actes du sixième Congrès international des orientalistes, tenu en 1883 à Leide.</subfield>
    </datafield>
    <datafield tag="260" ind1=" " ind2=" ">
      <subfield code="a">Leide :</subfield>
      <subfield code="b">Brill,</subfield>
      <subfield code="c">1884-1885.</subfield>
    </datafield>
    <datafield tag="300" ind1=" " ind2=" ">
      <subfield code="a">4 volumes</subfield>
    </datafield>
    <datafield tag="336" ind1=" " ind2=" ">
      <subfield code="a">text</subfield>
      <subfield code="b">txt</subfield>
      <subfield code="2">rdacontent</subfield>
    </datafield>
    <datafield tag="337" ind1=" " ind2=" ">
      <subfield code="a">unmediated</subfield>
      <subfield code="b">n</subfield>
      <subfield code="2">rdamedia</subfield>
    </datafield>
    <datafield tag="338" ind1=" " ind2=" ">
      <subfield code="a">volume</subfield>
      <subfield code="b">nc</subfield>
      <subfield code="2">rdacarrier</subfield>
    </datafield>
    <datafield tag="500" ind1=" " ind2=" ">
      <subfield code="a">Contributions in French, German, English, Dutch.</subfield>
    </datafield>
    <datafield tag="505" ind1="0" ind2=" ">
      <subfield code="a">1. ptie. Compte-rendu des séances -- 2. ptie. section 1: Sémitique -- 3. ptie. section 2: Aryenne -- 4. ptie. sections 3: Africaine. 4: de l'Extrème-Orient et 5: Polynésienne.</subfield>
    </datafield>
    <datafield tag="650" ind1=" " ind2="0">
      <subfield code="a">Oriental philology</subfield>
      <subfield code="v">Congresses.</subfield>
    </datafield>
    <datafield tag="651" ind1=" " ind2="0">
      <subfield code="a">Asia</subfield>
      <subfield code="v">Congresses.</subfield>
    </datafield>
    <datafield tag="651" ind1=" " ind2="0">
      <subfield code="a">Africa, North</subfield>
      <subfield code="v">Congresses.</subfield>
    </datafield>
    <datafield tag="650" ind1=" " ind2="6">
      <subfield code="a">Philologie orientale</subfield>
      <subfield code="v">Congrès.</subfield>
    </datafield>
    <datafield tag="651" ind1=" " ind2="6">
      <subfield code="a">Asie</subfield>
      <subfield code="v">Congrès.</subfield>
    </datafield>
    <datafield tag="651" ind1=" " ind2="6">
      <subfield code="a">Afrique du Nord</subfield>
      <subfield code="v">Congrès.</subfield>
    </datafield>
    <datafield tag="650" ind1=" " ind2="7">
      <subfield code="a">Oriental philology.</subfield>
      <subfield code="2">fast</subfield>
      <subfield code="0">(OCoLC)fst01048118</subfield>
    </datafield>
    <datafield tag="651" ind1=" " ind2="7">
      <subfield code="a">North Africa.</subfield>
      <subfield code="2">fast</subfield>
      <subfield code="0">(OCoLC)fst01239515</subfield>
    </datafield>
    <datafield tag="651" ind1=" " ind2="7">
      <subfield code="a">Asia.</subfield>
      <subfield code="2">fast</subfield>
      <subfield code="0">(OCoLC)fst01240495</subfield>
      <subfield code="1">https://id.oclc.org/worldcat/entity/E39PBJxMpyjKQ9Jtm3jkjPBgKd</subfield>
    </datafield>
    <datafield tag="655" ind1=" " ind2="7">
      <subfield code="a">Conference papers and proceedings.</subfield>
      <subfield code="2">fast</subfield>
      <subfield code="0">(OCoLC)fst01423772</subfield>
    </datafield>
    <datafield tag="776" ind1="0" ind2="8">
      <subfield code="i">Online version:</subfield>
      <subfield code="a">International Congress of Orientalists (6th : 1883 : Leiden).</subfield>
      <subfield code="t">Actes du sixième Congrès international des orientalistes, tenu en 1883 à Leide.</subfield>
      <subfield code="d">Leide : Brill, 1884-1885</subfield>
      <subfield code="w">(OCoLC)656978823</subfield>
    </datafield>
    <datafield tag="936" ind1=" " ind2=" ">
      <subfield code="a">BATCHLOAD</subfield>
    </datafield>
  </record>